Central Library OPAC University of Rajshahi

Demographic behavior : (Record no. 68559)

MARC details
000 -LEADER
fixed length control field 01104nam a2200301 a 4500
001 - CONTROL NUMBER
control field 68559
003 - CONTROL NUMBER IDENTIFIER
rucl marc code BD-RjUL
005 - DATE AND TIME OF LATEST TRANSACTION
control field 20211209081803.0
008 - FIXED-LENGTH DATA ELEMENTS--GENERAL INFORMATION
fixed length control field 170403s1980 cou b 001 0 eng d
020 ## - INTERNATIONAL STANDARD BOOK NUMBER
International Standard Book Number 0891587853
035 ## - SYSTEM CONTROL NUMBER
System control number (BD-RjUL)68769
040 ## - CATALOGING SOURCE
Original cataloging agency DLC
Transcribing agency DLC
Modifying agency DLC
-- OCoLC
-- BD-RjUL
Language of cataloging eng
041 ## - LANGUAGE CODE
Language code of text/sound track or separate title eng
082 00 - DEWEY DECIMAL CLASSIFICATION NUMBER
Edition number 23
Classification number 304.6
Author mark and year DEM 1980
245 00 - TITLE STATEMENT
Title Demographic behavior :
Remainder of title Interdisciplinary perspectives on decision-making /
Statement of responsibility, etc. edited by Thomas K. Burch
260 ## - PUBLICATION, DISTRIBUTION, ETC. (IMPRINT)
Place of publication, distribution, etc. Colorado :
Name of publisher, distributor, etc. Westview Press,
Date of publication, distribution, etc. c1980.
300 ## - PHYSICAL DESCRIPTION
Pagination xiii, 242 p. :
Illustrations ill. ;
Size 24 cm.
490 1# - SERIES STATEMENT
Series statement AAAS selected symposium,
Volume/sequential designation 45
500 ## - GENERAL NOTE
General note Based on a symposium presented at the AAAS national annual meeting in Houston, Tex., Jan. 3-8, 1979, and sponsored by the Population Association of America, and others.
504 ## - BIBLIOGRAPHY, ETC. NOTE
Bibliography, etc Includes bibliographies and indexes.
650 #0 - SUBJECT ADDED ENTRY--TOPICAL TERM
Topical term or geographic name as entry element Population
9 (RLIN) 203195
Topical term or geographic name as entry element Demography.
9 (RLIN) 203196
Topical term or geographic name as entry element Fertility, Human.
9 (RLIN) 155613
700 1# - ADDED ENTRY--PERSONAL NAME
Personal name Burch, Thomas K.
830 #0 - SERIES ADDED ENTRY--UNIFORM TITLE
Uniform title AAAS selected symposium,
Volume number/sequential designation 45.
942 ## - ADDED ENTRY ELEMENTS (KOHA)
Source of classification or shelving scheme Dewey Decimal Classification
Koha item type Books
Holdings
Lost status Source of classification or shelving scheme Damaged status Not for loan Collection code Permanent Location Current Location Shelving location Date acquired Total Checkouts Full call number Date last seen Copy number Koha item type
  Dewey Decimal Classification   Not For Loan Non-fiction Central Library, University of Rajshahi Central Library, University of Rajshahi Reading Room 28/10/1992   304.6 DEM 1980 03/04/2017 C-1 Books